The noble scholar, jurist, historian


 His Excellency Dr. Abdul Wahhab bin Ibrahim Abu Sulaiman, may Allah have mercy on him.


 He was born in Umm Al-Qura in the year 1356 AH.

أعلام السنة المنشورة لاعتقاد الطائفة الناجية المنصورة / (Record no. 3811)

MARC details
000 -LEADER
fixed length control field 01314cam a22002651i 4500
003 - CONTROL NUMBER IDENTIFIER
control field SA-RiAUC
005 - DATE AND TIME OF LATEST TRANSACTION
control field 20241223075003.0
008 - FIXED-LENGTH DATA ELEMENTS--GENERAL INFORMATION
fixed length control field 241220s2000 su g f00010 ara c
040 ## - CATALOGING SOURCE
Original cataloging agency SA-AhKFU
Language of cataloging ara
Transcribing agency SA-RiAUC
Description conventions rda
082 04 - DEWEY DECIMAL CLASSIFICATION NUMBER
Classification number 240
Assigning agency SA-RiAUC
090 ## - LOCALLY ASSIGNED LC-TYPE CALL NUMBER (OCLC); LOCAL CALL NUMBER (RLIN)
Classification number (OCLC) (R) ; Classification number, CALL (RLIN) (NR) 240
Local cutter number (OCLC) ; Book number/undivided call number, CALL (RLIN) ح ك م
100 1# - MAIN ENTRY--PERSONAL NAME
Personal name الحكمي، حافظ بن أحمد بن علي،
Dates associated with a name 1342-1377 هجري
Relator term مؤلف.
245 10 - TITLE STATEMENT
Title أعلام السنة المنشورة لاعتقاد الطائفة الناجية المنصورة /
Statement of responsibility, etc. حافظ أحمد حكمي ؛ تحقيق حازم القاضي.
250 ## - EDITION STATEMENT
Edition statement الطبعة الأولى.
264 #1 - PRODUCTION, PUBLICATION, DISTRIBUTION, MANUFACTURE, AND COPYRIGHT NOTICE
Place of production, publication, distribution, manufacture الرياض :
Name of producer, publisher, distributor, manufacturer وزارة الشؤون الإسلامية والأوقاف والدعوة والإرشاد،
Date of production, publication, distribution, manufacture, or copyright notice 2000
300 ## - PHYSICAL DESCRIPTION
Extent 144 صفحة ؛
Dimensions 24 سم
336 ## - CONTENT TYPE
Content type term نص
Content type code txt
Source rdacontent
Materials specified كتاب
337 ## - MEDIA TYPE
Media type term بدون وسيط
Media type code n
Source rdamedia
338 ## - CARRIER TYPE
Carrier type term مجلد
Carrier type code nc
Source rdacarrier
650 #7 - SUBJECT ADDED ENTRY--TOPICAL TERM
Topical term or geographic name entry element علم الكلام
Source of heading or term aucsh
700 1# - ADDED ENTRY--PERSONAL NAME
Personal name القاضي، أبو الزهراء حازم
Relator term محقق.
700 12 - ADDED ENTRY--PERSONAL NAME
Relationship information تحقيق لـ (عمل) :
Personal name الحكمي، حافظ بن أحمد بن علي،
Dates associated with a name 1342-1377 هجري.
Title of a work أعلام السنة المنشورة لاعتقاد الطائفة الناجية المنصورة
942 ## - ADDED ENTRY ELEMENTS (KOHA)
Source of classification or shelving scheme Dewey Decimal Classification
Koha item type Books
Suppress in OPAC No
949 ## - LOCAL PROCESSING INFORMATION (OCLC)
a SA-JeALM
d 241220
u mohamedma123
n 1
Holdings
Withdrawn status Lost status Source of classification or shelving scheme Damaged status Not for loan Home library Current library Date acquired Total checkouts Full call number Barcode Date last seen Price effective from Koha item type
    Dewey Decimal Classification     DR AbdElwahab Library DR AbdElwahab Library 12/23/2024   240 ح ك م 000006027 12/23/2024 12/23/2024 Books